Pedro y el lobo /

Colección que combina narrativa infantil con música, con la doble intención de sensibilizar a los niños tanto a la lectura como a la música. En algunos casos el cuento está inspirado en la obra musical, mientras que en otros es un cuento original musicalizado.

Na minha lista:
Detalhes bibliográficos
Autor principal: Prokofiev, Sergei (música y texto)
Autor Corporativo: Orquesta Filarmónica de Gran Canaria (ejecución musical)
Outros Autores: Palacios, Fernando (narración) (narración), Gabán, Jesús (ilustración) (ilustración), Halffter, Pedro (dirección) (dirección)
Formato: Audio
Idioma:espanhol
Publicado em: Vitoria, España : AgrupArte, 2006, c2006
Colecção:(La Mota de Polvo) [s.n.]
Assuntos:
Tags: Adicionar Tag
Sem tags, seja o primeiro a adicionar uma tag!

MARC

LEADER 00000nim^a2200000^a^4500
001 000270947
005 20250521000000.0
009 20260310111013.496
020 |a 84-95423-41-3 
037 |a Acervo ITESO - Biblioteca 
041 |a SON 
041 |a ESP 
082 |a 808. 899282  |b MOT V. SN 
100 |a Prokofiev, Sergei  |e (música y texto) 
240 1 1 |a [Pedro y el lobo, de Sergei Prokofiev] 
245 1 0 |a Pedro y el lobo /  |c Música y texto de S. Prokofiev ; narración de F. Palacios ; ejecución musical de la Orquesta Filarmónica de Gran Canaria ; il. de J. Gabán ; dir. de P. Halffter. 
264 4 |a Vitoria, España :  |b AgrupArte,  |c 2006, c2006 
300 |a 1 disco compacto sonoro (66 min.) (CD disponible) +  |e 1 folleto ([32] p.) 
336 |a música interpretada  |b prm  |2 rdacontenido 
337 |a audio  |b s  |2 rdamedio 
338 |a disco sonoro  |b sd  |2 rdasoporte 
440 4 |a (La Mota de Polvo) [s.n.] 
520 |a Colección que combina narrativa infantil con música, con la doble intención de sensibilizar a los niños tanto a la lectura como a la música. En algunos casos el cuento está inspirado en la obra musical, mientras que en otros es un cuento original musicalizado. 
520 |a Sergei Prokofiev (Sontzovka, Ucrania, 1891 – Moscú, Rusia, 1953), compositor y pianista que encabezó la escena musical rusa entre 1930 y 1950, cuya extensa y audaz obra atraviesa numerosos géneros y fue creada bajo las condiciones, muchas veces restrictivas del régimen de la Unión Soviética, aunque casi siempre sin menoscabo de su integridad artística. Un talento precoz, ya contaba con siete obras de su autoría antes de estudiar en el Conservatorio de San Petersburgo (1904-1914); el Concierto para piano número 1 (1912-14), por cuya interpretación obtuvo el Premio Rubinstein (1914), sobresale entre sus composiciones estudiantiles. Viajó a Londres, donde Sergei Diaghilev le comisionó el ballet Ala et Lolly (1914), y al regresar a Rusia se dedicó de lleno a la composición, con creaciones como la ópera El jugador (1916, revisada en 1927) y la Sinfonía número 1 (1916-1917). Tras un fugaz paso por Estados Unidos, donde creó la ópera El amor por tres naranjos (1919), los ballets El paso de acero (1925-26) y El hijo pródigo (1928), los Conciertos para piano números 4 y 5 (1931 y 1932) y la ópera El ángel de fuego (1919-27) destacan en su etapa parisina (1920-1932). Enfrentó, al regresar a su país natal, la política estética del realismo comunista, pero se aventuró a componer la Canción sinfónica (1934), ensayo de lo que podía ser la música soviética del futuro; su cuento para narrador y orquesta Pedro y el lobo (1936), y música para películas como Alejandro Nevsky (1938) e Iván el Terrible (1942-43) y obras de teatro como Boris Godunov y Eugenio Oneguin (ambas de 1936) y Hamlet (1938). La ópera La guerra y la paz (1941-1945), basada en la novela de León Tolstoi, preside su obra de los años de la Segunda Guerra Mundial. Nuevamente bajo un clima censor en la posguerra, el ballet Flor de piedra (1948) y el Concierto para Chelo en Sol menor (1952) se cuentan entre las composiciones de su etapa final. 
649 |a XX 
650 |a Cuentos Maravillosos -  |x Adaptaciones para Música 
650 |a Literatura Infantil 
650 |a Nacionalismo en la Música -  |z Rusia 
650 |a Música Romántica -  |z Rusia 
650 |a Música de Concierto -  |z Rusia 
650 |a Música Rusa -  |y Siglo XX 
710 |a Orquesta Filarmónica de Gran Canaria  |e (ejecución musical) 
700 |a Palacios, Fernando  |e (narración) 
700 |a Gabán, Jesús  |e (ilustración) 
700 |a Halffter, Pedro  |e (dirección) 
910 |a Fondo General 
920 |a Sonoros - CDs Abiertos 
940 |a CDs de Música 
940 |a Literatura 
905 |a 403 
901 |a 0500156532  |b IT2  |c MIS  |u 20250521 
901 |a 0500241045  |b IT2  |c CDS  |u 20250521 
902 |a https://opac.biblio.iteso.mx/vufind/Record/000270947